[Event "Liptovsky Mikulas V4 U15 op"]
[Site "Liptovsky Mikulas"]
[Date "2016.06.25"]
[Round "8"]
[White "Malinowska, Maja"]
[Black "Micza, Jan"]
[Result "1-0"]
[WhiteElo "1000"]
[BlackElo "1000"]
[PlyCount "51"]
[EventDate "2016.06.22"]
[EventType "swiss"]
[EventRounds "9"]
[EventCountry "SVK"]
[SourceTitle "CBM 173 Extra"]
[Source "ChessBase"]
[SourceDate "2016.08.29"]
[SourceVersion "1"]
[SourceVersionDate "2016.08.29"]
[SourceQuality "1"]

1. e4 e5 2. Nf3 Bb4 3. Nxe5 Qe7 4. Nd3 Qxe4+ 5. Be2 Ba5 6. b3 Qxg2 7. Bf3 Qg5 8. Bb2 h5 9. Nc3 Nf6 10. Qe2+ Kf8 11. 0-0-0 d6 12. Rde1 Bg4 13. Qe7+ Kg8 14. Ne4 Qf5 15. Nxf6+ gxf6 16. Qe8+ Kg7 17. Qe4 Qxf3 18. Qxf3 Bxf3 19. Rhg1+ Kh6 20. Bxf6 Rh7 21. Bg5+ Kg6 22. Be3+ Kf5 23. Rg5+ Ke4 24. Bb6+ Be2 25. Rxe2+ Kf3 26. Re3# 1-0